| 000 | 00000nam##2200000za#4500 |
| 001 | 9.640160 |
| 003 | CaOODSP |
| 005 | 20210624222533 |
| 007 | cr ||||||||||| |
| 008 | 150407|2003||||xxc|||||o f|0| 0 fre|d |
| 040 | |aCaOODSP|bfre |
| 043 | |an-cn--- |
| 086 | 1 |aM39-96/2003F-PDF |
| 110 | 1 |aCanada. |bRessources naturelles Canada. |
| 245 | 10|aL'analyse Pinch - pour l'utilisation efficace de l'énergie, de l'eau et de l'hydrogène |h[ressource électronique] |
| 260 | |aQuébec - Québec : |bRessources naturelles Canada |cc2003. |
| 300 | |a74p.|bfigures en couleur, graphiques, références, tableaux |
| 590 | |a12-13-Supp|b2012-04-03 |
| 691 | 07|aGestion énergétique|2gcpds |
| 775 | 08|tPinch analysis - for the efficient use of energy, water & hydrogen |w(CaOODSP)9.696043 |
| 856 | 40|ahttp://publications.gc.ca|qPDF|s1.14 Mo|uhttps://publications.gc.ca/collections/collection_2012/rncan-nrcan/M39-96-2003-fra.pdf |